LEADER 00978nam0-22003131i-450- 001 990002966710403321 005 20080625154446.0 035 $a000296671 035 $aFED01000296671 035 $a(Aleph)000296671FED01 035 $a000296671 100 $a20030910d1966----km-y0itay50------ba 101 0 $aita 102 $aIT 200 1 $aRilevazione nazionale delle forze di lavoro$e20 aprile 1966$fIstituto centrale di statistica 210 $aRoma$cTip. F. Failli$d1966 215 $a48 p.$d25 cm 300 $aRilegato in un unico volume con le altre rilevazioni effettuate nel 1966 610 0 $aForze di lavoro$aItalia$a1966 610 0 $aStatistiche del lavoro$aItalia$a1966 676 $a331.110 945 710 02$aIstat$0374421 801 0$aIT$bUNINA$gRICA$2UNIMARC 901 $aBK 912 $a990002966710403321 952 $aCDI-RFL66B-Pos-19$b7567/1$fMAS 959 $aMAS 996 $aRilevazione nazionale delle forze di lavoro$9466023 997 $aUNINA LEADER 01182nam 2200385 450 001 9910409730003321 005 20221011133433.0 010 $a1-83880-306-8 035 $a(CKB)4100000011335694 035 $a(NjHacI)994100000011335694 035 $a(EXLCZ)994100000011335694 100 $a20221011d2020 uy 0 101 0 $aeng 135 $aur||||||||||| 181 $ctxt$2rdacontent 182 $cc$2rdamedia 183 $acr$2rdacarrier 200 00$aGynaecological malignancies $eupdates and advances /$fedited by Gwo Yaw Ho and Sophia Frentzas 210 1$aLondon, United Kingdom :$cIntechOpen,$d[2020] 210 4$dİ2020 215 $a1 online resource (128 pages) $cillustrations 311 $a1-83880-305-X 320 $aIncludes bibliographical references. 517 $aGynaecological Malignancies 606 $aGenerative organs, Female$xCancer 615 0$aGenerative organs, Female$xCancer. 676 $a616.99465 702 $aYaw Ho$b Gwo 702 $aFrentzas$b Sophia 801 0$bNjHacI 801 1$bNjHacl 906 $aBOOK 912 $a9910409730003321 996 $aGynaecological malignancies$92951502 997 $aUNINA